İstanbul'un antikçağ tarihi : (Record no. 200003000)

MARC details
000 -LEADER
fixed length control field 01054 a2200301 4500
001 - CONTROL NUMBER
control field 200003000
003 - CONTROL NUMBER IDENTIFIER
control field TR-AnTOB
005 - DATE AND TIME OF LATEST TRANSACTION
control field 20220309192636.0
008 - FIXED-LENGTH DATA ELEMENTS--GENERAL INFORMATION
fixed length control field 110215s2010 tu 000 0
020 ## - INTERNATIONAL STANDARD BOOK NUMBER
International Standard Book Number 9789759078058
040 ## - CATALOGING SOURCE
Original cataloging agency TR-AnTOB
041 0# - LANGUAGE CODE
Language code of text/sound track or separate title Türkçe
050 14 - LIBRARY OF CONGRESS CALL NUMBER
Classification number DF550
Item number .I88 2010
090 ## - LOCALLY ASSIGNED LC-TYPE CALL NUMBER (OCLC); LOCAL CALL NUMBER (RLIN)
Classification number (OCLC) (R) ; Classification number, CALL (RLIN) (NR) DF550.I88 2010
245 00 - TITLE STATEMENT
Title İstanbul'un antikçağ tarihi :
Remainder of title klasik ve hellenistik dönemler
Statement of responsibility, etc. [yayınlayan ve yöneten Murat Arslan].
246 10 - VARYING FORM OF TITLE
Title proper/short title Klasik ve Hellenistik Dönemler.
264 #1 - PRODUCTION, PUBLICATION, DISTRIBUTION, MANUFACTURE, AND COPYRIGHT NOTICE
Place of production, publication, distribution, manufacture İstanbul:
Name of producer, publisher, distributor, manufacturer Odin Yayıncılık,
Date of production, publication, distribution, manufacture, or copyright notice 2010.
300 ## - PHYSICAL DESCRIPTION
Extent 579 p.
Other physical details ill.
Dimensions 25 cm.
504 ## - BIBLIOGRAPHY, ETC. NOTE
Bibliography, etc. note
505 ## - FORMATTED CONTENTS NOTE
Formatted contents note Klasik Dönem. -- Hellenistik Dönem. -- Toplumsal Yapı.
651 #0 - SUBJECT ADDED ENTRY--GEOGRAPHIC NAME
Geographic name Byzantine Empire
General subdivision Civilization
9 (RLIN) 25625
Geographic name Byzantine Empire
General subdivision Social life and customs
9 (RLIN) 72974
Geographic name Bizans İmparatorluğu
General subdivision Sosyal yaşam ve gelenekler
9 (RLIN) 72975
Geographic name Bizans İmparatorluğu
General subdivision Uygarlık
Source of heading or term etuturkob
9 (RLIN) 25624
700 1# - ADDED ENTRY--PERSONAL NAME
Personal name Arslan, Murat
9 (RLIN) 72973
942 ## - ADDED ENTRY ELEMENTS (KOHA)
Koha item type Book
Holdings
Withdrawn status Lost status Source of classification or shelving scheme Not for loan Collection code Home library Current library Shelving location Date acquired Source of acquisition Inventory number Total Checkouts Total Holds Full call number Barcode Date last seen Date last checked out Copy number Date shelved Koha item type
    Library of Congress Classification Ödünç Verilebilir / Available Genel Koleksiyon Merkez Kütüphane Merkez Kütüphane Genel Koleksiyon / Main Collection 15/02/2011 Bağış / Donation TAR 1   DF550 .I88 2010 0035556 08/11/2019 22/10/2019 1 15/02/2011 Book
Devinim Yazılım Eğitim Danışmanlık tarafından Koha'nın orjinal sürümü uyarlanarak geliştirilip kurulmuştur.